Introducción a la programación : con ejemplos en visual basic, c, c++ y java /
Guardado en:
| Autor Principal: | |
|---|---|
| Otros Autores: | , |
| Formato: | Libro |
| Publicado: |
México :
Mcgraw-hill
|
| Series: | Schaum
|
| Materias: | |
| Etiquetas: |
Agregar Etiqueta
Sin Etiquetas, Sea el primero en etiquetar este registro!
|
| LEADER | 01023nam a22002175a 4500 | ||
|---|---|---|---|
| 001 | CEM.cems011099 | ||
| 005 | 20071128163525.0 | ||
| 008 | 130507b######################000#0#####d | ||
| 003 | CEMS | ||
| 020 | |a 9701030524 | ||
| 082 | 0 | 4 | |a 001.642 |
| 100 | 1 | |a Mata-toledo, Ramón A. | |
| 245 | 1 | 0 | |a Introducción a la programación : |b con ejemplos en visual basic, c, c++ y java / |c Ramón A. Mata-toledo, Pauline K. Cushman ; traducido Por Rodolfo Navarro Salas |
| 260 | |a México : |b Mcgraw-hill | ||
| 300 | |a 329 p. | ||
| 490 | 0 | |a Schaum | |
| 505 | 0 | |a Conceptos básicos de computación -- Planificación y diseño de programas -- Codificación de programas y entrada/salida simple -- Estructuras de control y escritura de programas -- Funciones y subrutinas -- Arreglos y cadenas -- Archivos de datos -- Programación orientada a objetos -- Estructuras de datos | |
| 653 | |a Informática | ||
| 700 | 1 | |a Cushman, Pauline K. | |
| 700 | 1 | |a Navarro Salas, Rodolfo, trad. | |
| 859 | |a CEMS |b BIB. CEMS - 11 de abril |h 001.642 |i M413 |p 21901.02 |t Ej.1 | ||
